| 000 | 00952 a2200253 4500 | ||
|---|---|---|---|
| 001 | 118776 | ||
| 020 | _a9788538061038 | ||
| 041 | _apor | ||
| 082 | _a028.5 | ||
| 246 | _aThe mysterious island | ||
| 500 | _aEdição bilingue - Português - Inglês | ||
| 520 | _aA Ilha Misteriosa foi escrita e publicada em forma de série por dois anos, e é uma das histórias mais famosas do autor. Nela, ele mostra a importância da ciência nas nossas vidas. Clássico adaptado, apresentado em português e inglês. | ||
| 521 | _aYear 6 | ||
| 697 | _aLiteratura infantojuvenil | ||
| 856 | _u000032/0000325b.jpg | ||
| 040 |
_aBR-BrIDEA _cBR-BrIDEA |
||
| 090 |
_aAP Year 6 028 _bVER |
||
| 100 |
_aVerne, Júlio _d1920-1977 |
||
| 245 | 1 | 0 |
_aA ilha misteriosa _cJúlio Verne; illustrations Francesc Ràfols |
| 260 |
_aSão Paulo _bCiranda Cultural _c2016 |
||
| 300 |
_a68 p. _bil. color _e21 cm |
||
| 700 |
_aRàfols, Francesc _eIlustrador |
||
| 942 | _cBK | ||
| 999 |
_c118776 _d118776 |
||